00322nam a2200121Ia 4500008004100000020002200041041000800063082002400071100001800095245003300113260004600146300000800192230519s9999 xx 000 0 und d a978-1-61669-039-7 aeng aMS/616.1/HAZ/DB1003 aHazinski Mary aBLS for Healthcare Providers bAmerican Heart AssociationaAmericac2011 a62p